| 000 | 01036nam a2200289 a 4500 | ||
|---|---|---|---|
| 008 | 110815s2000 sp ||||f |||| 001 0 spa d | ||
| 020 | _aS/N | ||
| 041 | _aspa | ||
| 092 |
_c616.332 _l24 _sFER |
||
| 100 | 1 |
_aFerrándiz Santos, Juan _9789 |
|
| 245 |
_aDispepsia. _bTratamiento compartido entre la atención primaria y la especializada / _cJuan Ferrándiz Santos |
||
| 250 | _a1a ed. | ||
| 260 |
_aBarcelona: _bEuromedice; _c2000. |
||
| 300 | _a153 p. | ||
| 500 | _aFerrándiz Santos, J. y Piqué Badía, J. M. (2000). Dispepsia. Tratamiento compartido entre la atención primaria y la especializada. (1a ed.). Barcelona : Euromedice. | ||
| 590 | _aDonación Agosto, 2011 | ||
| 653 | _aConcepto y clasificación | ||
| 653 | _aEpidemiología | ||
| 653 | _aEtiopatogenia | ||
| 653 | _aClínica | ||
| 653 | _aDiagnóstico | ||
| 653 | _aHelicobacter Pylori | ||
| 653 | _aTratamiento de la úlcera gastroduodenal | ||
| 653 | _aTratamiento de la dispepsia funcional | ||
| 700 | 1 |
_aPiqué Badía, Josep M. _9790 |
|
| 942 |
_2ddc _cBK |
||
| 999 |
_c898 _d898 |
||